MARC details
| 000 -CABECERA |
| campo de control de longitud fija |
01074nam a2200301 4500 |
| 003 - IDENTIFICADOR DEL NÚMERO DE CONTROL |
| campo de control |
OSt |
| 005 - FECHA Y HORA DE LA ÚLTIMA TRANSACCIÓN |
| campo de control |
20260601193528.0 |
| 008 - DATOS DE LONGITUD FIJA--INFORMACIÓN GENERAL |
| campo de control de longitud fija |
260506b19481978sp a|||| |||| 00| 0 spa d |
| 020 ## - NÚMERO INTERNACIONAL ESTÁNDAR DEL LIBRO |
| Número Internacional Estándar del Libro |
8425207207 |
| 040 ## - FUENTE DE LA CATALOGACIÓN |
| Centro catalogador/agencia de origen |
ICI |
| Lengua de catalogación |
spa |
| Centro/agencia transcriptor |
ICI |
| 041 ## - CÓDIGO DE LENGUA |
| Código de lengua del texto/banda sonora o título independiente |
spa |
| 050 ## - SIGNATURA TOPOGRÁFICA DE LA BIBLIOTECA DEL CONGRESO |
| Número de clasificación |
T19 |
| Número de documento/Ítem |
G53 |
| 100 #1 - ENTRADA PRINCIPAL--NOMBRE DE PERSONA |
| Nombre de persona |
Giedion, S. |
| Fechas asociadas al nombre |
1888-1968, |
| Término indicativo de función/relación |
autor |
| Forma completa/desarrollada del nombre |
(Sigfried), |
| 9 (RLIN) |
36093 |
| 245 #1 - MENCIÓN DE TÍTULO |
| Título |
La mecanizacion toma el mando / |
| Mención de responsabilidad, etc. |
Siegfried Giedion ; versión castellana de Esteve Riambau I Suari ; revision bibliografica por Joaquín Romaguera I Ramio |
| 260 ## - PUBLICACIÓN, DISTRIBUCIÓN, ETC. |
| Lugar de publicación, distribución, etc. |
Barcelona |
| Nombre del editor, distribuidor, etc. |
Gustavo Gili, |
| Fecha de publicación, distribución, etc. |
2006. |
| 264 ## - PRODUCCIÓN, PUBLICACIÓN, DISTRIBUCIÓN, FABRICACIÓN Y COPYRIGHT |
| Producción, publicación, distribución, fabricación y copyright |
Barcelona : |
| Nombre del de productor, editor, distribuidor, fabricante |
Gustavo Gili, |
| Fecha de producción, publicación, distribución, fabricación o copyright |
c1978 |
| 300 ## - DESCRIPCIÓN FÍSICA |
| Extensión |
731 páginas : |
| Otras características físicas |
ilustraciones |
| 336 ## - TIPO DE CONTENIDO |
| Término de tipo de contenido |
texto |
| Fuente |
rdacontent |
| 337 ## - TIPO DE MEDIO |
| Nombre/término del tipo de medio |
sin medio |
| Fuente |
rdamedia |
| 338 ## - TIPO DE SOPORTE |
| Nombre/término del tipo de soporte |
volumen |
| Fuente |
rdacarrier |
| 490 #0 - MENCIÓN DE SERIE |
| Mención de serie |
Colección Tecnología y sociedad |
| 650 #0 - PUNTO DE ACCESO ADICIONAL DE MATERIA--TÉRMINO DE MATERIA |
| Término de materia o nombre geográfico como elemento de entrada |
Inventos |
| 9 (RLIN) |
36094 |
| 650 #0 - PUNTO DE ACCESO ADICIONAL DE MATERIA--TÉRMINO DE MATERIA |
| Término de materia o nombre geográfico como elemento de entrada |
Tecnología |
| Subdivisión general |
Filosofía |
| 9 (RLIN) |
36095 |
| 650 #0 - PUNTO DE ACCESO ADICIONAL DE MATERIA--TÉRMINO DE MATERIA |
| Término de materia o nombre geográfico como elemento de entrada |
Artes industriales |
| Subdivisión general |
Historia |
| 9 (RLIN) |
36096 |
| 700 #1 - PUNTO DE ACCESO ADICIONAL--NOMBRE DE PERSONA |
| Nombre de persona |
Riambau I Suari, Esteve, |
| Término indicativo de función/relación |
traductor |
| 9 (RLIN) |
36097 |
| 700 #1 - PUNTO DE ACCESO ADICIONAL--NOMBRE DE PERSONA |
| Nombre de persona |
Romaguera I Ramio, Joaquín, |
| Término indicativo de función/relación |
colaborador |
| 9 (RLIN) |
36098 |
| 942 ## - ELEMENTOS DE PUNTO DE ACCESO ADICIONAL (KOHA) |
| Fuente del sistema de clasificación o colocación |
Library of Congress Classification |
| Tipo de ítem Koha |
Libros |
| Suprimir en OPAC |
1 |